[Event "Porto Mannu op 11th"]
[Site "Porto Mannu"]
[Date "2019.06.03"]
[Round "4"]
[White "Holm, Kristian Stuvik"]
[Black "Sapkowski, Wieslaw"]
[Result "1-0"]
[WhiteElo "2474"]
[BlackElo "1943"]
[PlyCount "49"]
[EventDate "2019.06.01"]
[EventType "swiss"]
[EventRounds "9"]
[EventCountry "ITA"]
[SourceTitle "CBM 190 Extra"]
[Source "ChessBase"]
[SourceDate "2019.07.15"]
[SourceVersion "1"]
[SourceVersionDate "2019.07.15"]
[SourceQuality "1"]

1. d4 d5 2. c4 c6 3. Nf3 Nf6 4. Nc3 e6 5. Bg5 Nbd7 6. cxd5 exd5 7. e3 h6 8. Bh4 Bb4 9. Bd3 Qa5 10. Qc2 0-0 11. 0-0 Re8 12. a3 Bxc3 13. bxc3 Qd8 14. c4 Nf8 15. Ne5 g5 16. Bg3 Nh5 17. cxd5 cxd5 18. Bb5 Re6 19. Rac1 Rb6 20. Be2 Ng7 21. Nd3 Rc6 22. Qb3 Nfe6 23. Nb4 Rb6 24. Qxd5 Qe8 25. Qa2 1-0

[Event "Porto Mannu op 11th"]
[Site "Porto Mannu"]
[Date "2019.06.03"]
[Round "3"]
[White "Sapkowski, Wieslaw"]
[Black "Gohil, Harry"]
[Result "1-0"]
[WhiteElo "1943"]
[BlackElo "2236"]
[PlyCount "68"]
[EventDate "2019.06.01"]
[EventType "swiss"]
[EventRounds "9"]
[EventCountry "ITA"]
[SourceTitle "CBM 190 Extra"]
[Source "ChessBase"]
[SourceDate "2019.07.15"]
[SourceVersion "1"]
[SourceVersionDate "2019.07.15"]
[SourceQuality "1"]

1. e4 c5 2. Nf3 Nc6 3. d4 cxd4 4. Nxd4 e5 5. Nb5 d6 6. N1c3 a6 7. Na3 Be7 8. Nd5 Nf6 9. Nxe7 Nxe7 10. Bd3 0-0 11. c4 b5 12. 0-0 Bb7 13. Bg5 Nxe4 14. Bxe4 Bxe4 15. cxb5 h6 16. Bh4 g5 17. Bg3 f5 18. f3 Bd5 19. Bf2 axb5 20. Nxb5 Kh7 21. Nc3 Bc6 22. Re1 Ng6 23. b4 Nf4 24. b5 Bb7 25. Be3 Qa5 26. Qxd6 Rad8 27. Qe7+ Kg6 28. Qxb7 Qxc3 29. Rac1 Qb2 30. Bxf4 gxf4 31. Rc6+ Rf6 32. Rxf6+ Kxf6 33. Qc6+ Ke7 34. Qc7+ Rd7 1-0

[Event "Oberliga NRW 1819"]
[Site "Germany"]
[Date "2019.05.12"]
[Round "9.5"]
[White "Kolkin, Michail"]
[Black "Sapkowski, Wieslaw"]
[Result "1-0"]
[WhiteElo "2313"]
[BlackElo "1925"]
[PlyCount "223"]
[EventDate "2018.09.16"]
[EventType "team-tourn"]
[EventRounds "9"]
[EventCountry "GER"]
[SourceTitle "EXT 2020"]
[Source "ChessBase"]
[SourceDate "2019.10.17"]
[SourceVersion "1"]
[SourceVersionDate "2019.10.17"]
[SourceQuality "1"]
[WhiteTeam "Siegburg"]
[BlackTeam "Gerresheim"]
[WhiteTeamCountry "GER"]
[BlackTeamCountry "GER"]

1. d4 d5 2. Nf3 Nf6 3. g3 g6 4. Bg2 Bg7 5. c4 c6 6. b3 Ne4 7. Bb2 0-0 8. 0-0 Nd7 9. cxd5 cxd5 10. a4 b6 11. Na3 Bb7 12. Rc1 Rc8 13. Nb5 a6 14. Nc3 Ndf6 15. Qd3 Qd6 16. Bh3 e6 17. Nb1 Rxc1 18. Rxc1 Rc8 19. Rxc8+ Bxc8 20. Qc2 Bb7 21. Ne5 Ne8 22. f3 N4f6 23. e3 Qc7 24. Qxc7 Nxc7 25. Bf1 Bf8 26. g4 Bd6 27. g5 Bxe5 28. dxe5 Nd7 29. Bd4 Kf8 30. Nc3 Ke7 31. b4 Kd8 32. Kf2 Ne8 33. Bd3 Kc7 34. e4 dxe4 35. Nxe4 Nb8 36. a5 bxa5 37. bxa5 Nd7 38. Ke3 Bxe4 39. Kxe4 Kb7 40. Bf2 Nc7 41. f4 Kc6 42. Bc4 Nc5+ 43. Kf3 Nb5 44. h4 Nc7 45. h5 Nb5 46. h6 Nc7 47. Be3 Nd7 48. Bd4 Nb5 49. Be3 Nc7 50. Bf2 Nb5 51. Kg2 Nc7 52. Kf3 Nb5 53. Ke2 Nc7 54. Kf1 Nb5 55. f5 Nxe5 56. fxe6 Nd6 57. exf7 Nexf7 58. Bxa6 Nxg5 59. Bd3 Ngf7 60. a6 Nxh6 61. Be2 Nc8 62. a7 Nxa7 63. Bxa7 Nf5 64. Bc4 Kd6 65. Kf2 Ke5 66. Kf3 h5 67. Bb8+ Kf6 68. Bc7 g5 69. Bd8+ Ke5 70. Bxg5 Nd4+ 71. Kf2 Kf5 72. Be7 Kg4 73. Bc5 Nf5 74. Bb4 h4 75. Bd2 Nd4 76. Be3 Nc6 77. Be6+ Kh5 78. Bf4 Nd4 79. Bd7 Kg6 80. Ke3 Nc2+ 81. Ke4 Kf6 82. Bh3 Ne1 83. Bd2 Nc2 84. Ba5 Kg5 85. Bd8+ Kh5 86. Be7 Kg6 87. Bc5 Kg5 88. Kd3 Ne1+ 89. Ke2 Nc2 90. Kd2 Na1 91. Kc3 Kf4 92. Bf2 Kf3 93. Bxh4 Ke4 94. Kb2 Kd3 95. Kxa1 Kc3 96. Bf6+ Kb3 97. Be6+ Kc2 98. Ka2 Kd3 99. Kb3 Ke4 100. Kc4 Ke3 101. Bd5 Kf4 102. Kd4 Kf5 103. Be5 Kg4 104. Ke4 Kg5 105. Bf7 Kg4 106. Bf4 Kh4 107. Kf3 Kh3 108. Bg5 Kh2 109. Kf2 Kh1 110. Be6 Kh2 111. Bf4+ Kh1 112. Bd5# 1-0

[Event "Oberliga NRW 1819"]
[Site "Germany"]
[Date "2018.11.18"]
[Round "3.6"]
[White "Khanukov, Boris"]
[Black "Sapkowski, Wieslaw"]
[Result "1-0"]
[WhiteElo "2275"]
[BlackElo "1925"]
[PlyCount "119"]
[EventDate "2018.09.16"]
[EventType "team-tourn"]
[EventRounds "9"]
[EventCountry "GER"]
[SourceTitle "EXT 2020"]
[Source "ChessBase"]
[SourceDate "2019.10.17"]
[SourceVersion "1"]
[SourceVersionDate "2019.10.17"]
[SourceQuality "1"]
[WhiteTeam "Wuppertal Bahn"]
[BlackTeam "Gerresheim"]
[WhiteTeamCountry "GER"]
[BlackTeamCountry "GER"]

1. d4 d5 2. c4 c6 3. Nf3 Nf6 4. e3 e6 5. Nc3 Nbd7 6. Be2 dxc4 7. Bxc4 b5 8. Bd3 Bb7 9. e4 a6 10. e5 Nd5 11. Nxd5 cxd5 12. 0-0 Be7 13. a4 b4 14. a5 Bc6 15. Qe2 Nb8 16. Nd2 Qd7 17. f4 g6 18. Nf3 Bb5 19. g4 Bxd3 20. Qxd3 Qb5 21. Qxb5+ axb5 22. Nd2 Kd7 23. Nb3 Na6 24. Be3 Rhc8 25. Rf2 Rc4 26. f5 gxf5 27. gxf5 Rg8+ 28. Kh1 Rg4 29. fxe6+ fxe6 30. Rg1 Rxg1+ 31. Kxg1 Ke8 32. Kf1 Rc8 33. Rg2 Kf7 34. Bg5 Bf8 35. h4 Rc6 36. Rf2+ Ke8 37. Ke1 Rc7 38. Rf6 Rc6 39. Kd2 Bg7 40. Rf1 Bf8 41. Kd3 Rc7 42. Bf6 Rc6 43. Rg1 Kf7 44. Bd8 Rc8 45. Bb6 Rc6 46. h5 Rc8 47. Rf1+ Ke8 48. Rf6 Rc6 49. Bc5 Bg7 50. Rf1 Bxe5 51. Rf8+ Kd7 52. Rf7+ Kc8 53. dxe5 Nxc5+ 54. Nxc5 Rxc5 55. a6 Kb8 56. Rxh7 Rc4 57. h6 Rh4 58. Rb7+ Ka8 59. h7 d4 60. Rg7 1-0

[Event "Oberliga NRW 1718"]
[Site "Germany"]
[Date "2017.12.17"]
[Round "4.8"]
[White "Schroeder, Wilfried"]
[Black "Sapkowski, Wieslaw"]
[Result "1/2-1/2"]
[WhiteElo "2166"]
[BlackElo "1965"]
[PlyCount "117"]
[EventDate "2017.09.17"]
[EventType "team-tourn"]
[EventRounds "9"]
[EventCountry "GER"]
[SourceTitle "EXT 2019"]
[Source "ChessBase"]
[SourceDate "2018.10.10"]
[SourceVersion "1"]
[SourceVersionDate "2018.10.10"]
[SourceQuality "1"]
[WhiteTeam "Wattenscheid"]
[BlackTeam "Gerresheim"]
[WhiteTeamCountry "GER"]
[BlackTeamCountry "GER"]

1. d4 d5 2. Nf3 Nf6 3. c4 c6 4. Qc2 e6 5. g3 Ne4 6. Bg2 Nd7 7. 0-0 Be7 8. Nc3 f5 9. Bf4 0-0 10. Ne5 Bf6 11. Rad1 Qa5 12. f3 Nxc3 13. bxc3 Nxe5 14. dxe5 Be7 15. cxd5 cxd5 16. e4 Bd7 17. Qd2 Bc6 18. exf5 Bc5+ 19. Be3 Rxf5 20. f4 Re8 21. Bxc5 Qxc5+ 22. Qd4 Qxd4+ 23. cxd4 g6 24. Rf2 Rf7 25. Bf1 Kf8 26. Bd3 Ke7 27. Kg2 Rc8 28. Rc1 Rff8 29. Rfc2 Bd7 30. h4 Rxc2+ 31. Rxc2 Rc8 32. Rxc8 Bxc8 33. h5 Kf7 34. hxg6+ hxg6 35. g4 Bd7 36. Kg3 b5 37. a3 a5 38. Kh4 Kg7 39. Kg5 Be8 40. Bb1 b4 41. axb4 axb4 42. f5 gxf5 43. gxf5 exf5 44. Ba2 Bc6 45. Kxf5 Kf7 46. Bb3 Ke7 47. Kf4 Ke6 48. Bc2 Bb5 49. Bf5+ Ke7 50. Ke3 Bc4 51. Kd2 Kf7 52. Ke3 Ke7 53. Kd2 Kf7 54. Ke3 Ke7 55. Bd3 Ke6 56. Kd2 Ke7 57. Ke3 Ke6 58. Kd2 Ke7 59. Ke3 1/2-1/2